| 000 | 00761nam a22002177a 4500 | ||
|---|---|---|---|
| 001 | BD-DhSAU 9737 | ||
| 003 | BD-DhSAU | ||
| 005 | 20150624145148.0 | ||
| 008 | 150224b ii |||||r|||| 00| 0 b d | ||
| 020 | _a8170660386 | ||
| 040 | _aBD-DhSAU | ||
| 082 |
_222 _a... _bশীর্ষেদূ |
||
| 100 | _aমুখোপাধ্যায়, শীর্ষেন্দু | ||
| 245 |
_aনানা রঙের আলো / _cশীর্ষেন্দু মুখোপাধ্যায় |
||
| 250 | _a৪র্থ সং | ||
| 260 |
_aকলকাতা : _bআনন্দ পাব:: , |
||
| 300 |
_a১৪২ পৃ. : _bচিত্র. _c১৮ সে মি।। |
||
| 590 | _aerfat | ||
| 650 | _aউপন্যাস | ||
| 942 |
_2ddc _cBOOK |
||
| 999 |
_c9737 _d9737 |
||